000 00820nas a2200277 4500
001 BR0808356
003 BR-BrBNA
005 20231205112820.0
007 ta
008 230509b bl.|||p| |||| 00| 00por d
040 _aBR-BrBNA
_bpor
_cBiblioteca Nacional de Agricultura
041 _a(Pt)
072 _aJ10; Q02
100 1 _aBrackmann, A.
100 1 _aGiehl, R.F.H.
100 1 _aSestari, I.
100 1 _aSteffens, C.A.
245 1 _aArmazenamento de nêsperas (Eriobotryia Japonica, Lindl)CV. Mizuho em atmosfera modificada
650 _aNÊSPERAS
650 _aFRUTA TROPICAL
650 _aCOLHEITA
650 _aATMOSFERA
773 0 _tRevista Científica Rural (Brazil)
_xISSN 1413-8263
_g(2004), v. 9(2) p. 18-24
_wBR0808356
909 _a202311
_bLúcia
_c55
_dLúcia Elande
942 _2AGRIS
_n0
_cANA
999 _c200157
_d200157